Catalog

Record Details

Catalog Search



Reformiertes Zeugnis heute : eine Sammlung neuerer Bekenntnistexte aus der reformierten Tradition  Cover Image Book Book

Reformiertes Zeugnis heute : eine Sammlung neuerer Bekenntnistexte aus der reformierten Tradition / herausgegeben von Lukas Vischer ; aus dem Englischen übersetzt von Ingeborg Boecker, Gisela Rohland, Annette Kohl-Beyer.

Vischer, Lukas , 1926-2008. (Author). Boecker, Ingeborg (Translator). Rohland, Gisela (Added Author). Kohl-Beyer, Annette (Added Author).

Record details

  • ISBN: 3-7887-0773-9
  • Physical Description: 306 s. ; 22 cm
  • Publisher: Neukirchen-Vluyn : Neukirchener Verlag , 1988.
Subject: reformované církve
vyznání víry
zřízení církve
Amerika (kontinent)
oficiální dokumenty
Asie
Afrika
Evropa

Available copies

  • 1 of 1 copy available at Common Catalog SPOK.

Holds

  • 0 current holds with 1 total copy.
Show Only Available Copies
Location Call Number / Copy Notes Barcode Shelving Location Status Due Date
ETS Library 238 424470015070 Volný výběr Available -

LDR 01300cam a22003737a 4500
00142526
003CZ-PrJAB
00520161130133020.0
007ta
008880707s1988 gw e 000 0 ger d
020 . ‡a3-7887-0773-9 ‡q(brož.)
035 . ‡a(CONS)12414
035 . ‡a(CZ PrSKC)etf000105720
040 . ‡aGBV ‡bcze ‡dABD027 ‡91
082 . ‡a238
100 . ‡aVischer, Lukas , 1926-2008.
24500. ‡aReformiertes Zeugnis heute : ‡beine Sammlung neuerer Bekenntnistexte aus der reformierten Tradition / ‡cherausgegeben von Lukas Vischer ; aus dem Englischen übersetzt von Ingeborg Boecker, Gisela Rohland, Annette Kohl-Beyer.
260 . ‡aNeukirchen-Vluyn : ‡bNeukirchener Verlag , ‡c1988.
300 . ‡a306 s. ; ‡c22 cm
65007. ‡areformované církve ‡2ctt
65007. ‡avyznání víry ‡2ctt
65007. ‡azřízení církve ‡2ctt
65007. ‡aAmerika (kontinent) ‡2ctt
65007. ‡aoficiální dokumenty ‡2ctt
651 7. ‡aAsie ‡7ge131486 ‡2czenas
651 7. ‡aAfrika ‡7ge137148 ‡2czenas
651 7. ‡aEvropa ‡7ge137210 ‡2czenas
7001 . ‡aBoecker, Ingeborg ‡4trl
700 . ‡aRohland, Gisela
700 . ‡aKohl-Beyer, Annette
7650 . ‡tReformed witness today
8524 . ‡bETS ‡bETS ‡cVolný výběr ‡j238 ‡p424470015070 ‡y$50.00
910 . ‡aABG450
999 . ‡a12414 ‡c12414 ‡tbiblio
905 . ‡uadmin
901 . ‡a42526 ‡b ‡c42526 ‡tbiblio ‡sets

Additional Resources